| 000 -LEADER |
| fixed length control field |
00648nam a22002057a 4500 |
| 005 - DATE AND TIME OF LATEST TRANSACTION |
| control field |
20221107120516.0 |
| 008 - FIXED-LENGTH DATA ELEMENTS--GENERAL INFORMATION |
| fixed length control field |
220207s2020 enk||||| |||| 00| 0 eng d |
| 020 ## - INTERNATIONAL STANDARD BOOK NUMBER |
| International Standard Book Number |
9781138599765x |
| 024 ## - OTHER STANDARD IDENTIFIER |
| Qualifying information |
|
| 041 ## - LANGUAGE CODE |
| Language code of text/sound track or separate title |
eng |
| 080 ## - UNIVERSAL DECIMAL CLASSIFICATION NUMBER |
| Universal Decimal Classification number |
371.3 W-63 |
| 100 ## - MAIN ENTRY--PERSONAL NAME |
| Personal name |
White, Jan |
| 9 (RLIN) |
13479 |
| 245 ## - TITLE STATEMENT |
| Title |
Playing and Learning Outdoors: |
| Remainder of title |
The Practical Guide and Sourcebook for Excellence in Outdoor Provision and Practice with Young Children / |
| Statement of responsibility, etc. |
Jan White. |
| 250 ## - EDITION STATEMENT |
| Edition statement |
Third edition |
| 264 ## - PRODUCTION, PUBLICATION, DISTRIBUTION, MANUFACTURE, AND COPYRIGHT NOTICE |
| Place of production, publication, distribution, manufacture |
London : |
| Name of producer, publisher, distributor, manufacturer |
Routledge, |
| Date of production, publication, distribution, manufacture, or copyright notice |
2020. |
| 300 ## - PHYSICAL DESCRIPTION |
| Extent |
232 p. |
| Other physical details |
24 cm. |
| 653 ## - INDEX TERM--UNCONTROLLED |
| keyword |
პედაგოგიკა |
| 653 ## - INDEX TERM--UNCONTROLLED |
| keyword |
Педагогика |
| 942 ## - ADDED ENTRY ELEMENTS (KOHA) |
| Source of classification or shelving scheme |
|
| Koha item type |
წიგნი |